| 000 | 00501nam a2200157 u 4500 | ||
|---|---|---|---|
| 001 | 000004494 | ||
| 005 | 20200929151441.0 | ||
| 008 | 09072322000 dr a r 001 0 spa d | ||
| 040 |
_aDO-SdBNP _bspa _cBNPHU |
||
| 082 | _aM953u | ||
| 110 | 1 |
_aRepública Dominicana, Centro de Orientación e Investigación Integral _913142 |
|
| 245 | 1 | 0 |
_aMujeres unidas : _bnuestros primeros pasos (1995-2000). |
| 260 |
_aSanto Domingo : _bMODEMU, _c2000. |
||
| 300 |
_a109 p. : _bil ; _c26 cm. |
||
| 500 | _aIncluye índice | ||
| 999 |
_c4303 _d4303 |
||